000 00674nam a2200241Ia 4500
003 OSt
005 20221005092643.0
006 a|||||r|||| 00| 0
007 ta
008 221004b |||||||| |||| 00| 0 eng d
024 _a48014
037 _cTextual
040 _aCRL
_cCRL
_beng
041 _2eng
_aeng
082 _aO111,1M74,FI:g, K1
100 _aThompson Lawrance
245 0 _aFire and Ice
_b The art and thought of Robert Frost
260 _aNew York
_bRussell & Russell USA
_c1961
300 _a241p.
_ccm.
650 _aENGLISH LITERATURE
942 _hO111,1M74,FI:g, K1
_cTEXL
_2cc
999 _c999153
_d999153